000 00194 a2200097 4500
020 _a9780794541736
041 _aeng
100 _aMackinnon, Mairi
245 _aThe sun and the wind
942 _cBK
999 _c31636
_d31634